Statistiken für Elfenbeinküste-Quiz

Klicken Sie hier um das Quiz zu spielen!

Allgemein

  • Dieses Quiz wurde 773 mal gespielt
  • Das Durchschnittsergebnis liegt bei 12 aus 18

Antwortstatistiken

FrageAntwort% Korrekt
NachbarlandGhana
96%
Land, dessen Flage die der Elfenbeinküste ähnlich ist:
Irland
94%
NachbarlandBurkina Faso
92%
AmtsspracheFranzösisch
92%
NachbarlandLiberia
90%
NachbarlandMali
89%
NachbarlandGuinea
88%
Die Kirche "Notre-Dame-de-la-Paix" in der Hauptstadt ist eine der grössten weltweit
Von welcher Kirche im Vatikan wurde ihre Architektur inspiriert?
{Peters}dom
80%
Offizieller Name der ElfenbeinküsteCôte d'{Ivoire}
79%
Die Elfenbeinküste ist weltweit der grösste Hersteller dieser kostbaren BohneKakao
76%
Hauptstadt der ElfenbeinküsteYamoussoukro
72%
Bester Torschütze der Nationallmanschaft (Initialen DD)Didier Drogba
71%
Bevölkerungsreichste StadtAbidjan
50%
Spitzname der Fussball-Nationalmannschaft der ElfenbeinküsteDie {Elefant}en
46%
Baumharz-Produkt, das einer der wichtigsten Exportgüter der Elfenbeinküste istGummi
44%
US-amerikanischer Popmusiker, der 1995 zum König des Sanwi-Reichs erklärt wurdeMichael Jackson
39%
Erfolgreichster Reggae-Musiker der Elfenbeinküste{Alpha} Blondy
19%
Erster Präsident der Elfenbeinküste und wichtige UnabhängigkeitsfigurFélix Hophouët-Boigny
15%

Verteilung der Resultate

Perzentil nach korrekt beantworteten Fragen

Anzahl Personen mit jedem Resultat

Ihre Resultats-Entwicklung

Sie haben dieses Quiz noch nicht gespielt